000 00822nam a2200265Ia 4500
003 OSt
005 20220912152454.0
006 a|||||r|||| 00| 0
007 ta
008 220909b |||||||| |||| 00| 0 eng d
024 _a45496
037 _cTextual
040 _aCSL
_beng
_cCSL
041 _aeng
082 _aE7:986p1:N71, L2
100 _aMargoules M Ed.
111 _aINTERNATIONAL SYNPOSIUM ON STRUCTURE ACTIVITY RELATIONSHIPS OF PROTEIN AND POLYPEPTIDE HORMONE (1971 : Liege)
245 0 _aProceeding of structure-activity relationships of protein and polypeptide hormones
260 _c1972
300 _ap.
_ccm.
650 _aHormones
700 _a Greenwood F C Ed.
942 _hE7:986p1:N71, L2
_cTEXL
_2CC
999 _c86966
_d86966